000 00516nam a2200157Ia 4500
999 _c19237
_d19237
003 OSt
005 20220827110621.0
008 190216s9999||||xx |||||||||||||| ||und||
040 _coclc
082 _a954.83
_bVEL/K
100 1 _aVeluthat, Kesavan,
_d1951-
_93112
245 0 _aKeralathinte Aadunikaranam Charitraparamaya Prasnangal /
_cKesavan Veluthat ; N P Chekkutty
260 _bCalicut University Publications,
_c1980.
300 _a64p
942 _cBK
_2ddc
_h954.83
_iVEL/K
_k954.83
_mVEL/K